| 000 | 00457nam a2200181Ia 4500 | ||
|---|---|---|---|
| 008 | 180207s9999 xx 000 0 und d | ||
| 020 | _a9789782744827 | ||
| 050 | _bA374 [2004] | ||
| 100 | _aAlexander, Adrian | ||
| 245 | _aGetting ready / | ||
| 245 | _cwritten and illustrated by Adrian Alexander. | ||
| 260 | _aSingapore : | ||
| 260 | _bShapeys, | ||
| 260 | _c[2004] | ||
| 300 | _a16 pages : | ||
| 300 | _bcolor illustration ; | ||
| 300 | _c21cm. | ||
| 999 |
_c355546 _d355546 |
||